Loading...
Current Events | 1 | 10.00 | 100% | 0% | 0% |
Fine Arts - Classical Music | 6 | 13.33 | 100% | 33% | 33% |
Fine Arts - Other Fine Arts | 9 | 13.33 | 100% | 33% | 0% |
Fine Arts - Painting & Sculpture | 9 | 21.11 | 100% | 89% | 22% |
Geography | 3 | 13.33 | 100% | 0% | 33% |
History - American History | 9 | 16.67 | 100% | 56% | 11% |
History - European History | 5 | 16.00 | 100% | 40% | 20% |
History - Other History | 11 | 11.82 | 91% | 27% | 0% |
History - World History | 7 | 14.29 | 100% | 29% | 14% |
Literature - American Literature | 5 | 14.00 | 80% | 40% | 20% |
Literature - British Literature | 9 | 11.11 | 89% | 22% | 0% |
Literature - European Literature | 7 | 8.57 | 71% | 14% | 0% |
Literature - World Literature | 8 | 13.75 | 88% | 38% | 13% |
Mythology | 2 | 10.00 | 100% | 0% | 0% |
Other Academic | 2 | 15.00 | 100% | 50% | 0% |
Philosophy | 5 | 14.00 | 100% | 40% | 0% |
Religion | 9 | 8.89 | 89% | 0% | 0% |
Science - Biology | 9 | 10.00 | 78% | 11% | 11% |
Science - Chemistry | 11 | 8.18 | 64% | 18% | 0% |
Science - Other Science | 6 | 11.67 | 83% | 33% | 0% |
Science - Physics | 9 | 8.89 | 78% | 11% | 0% |
Social Science | 7 | 11.43 | 100% | 14% | 0% |